Imperial Matter (Record no. 352971)
[ view plain ]
| 000 -LEADER | |
|---|---|
| fixed length control field | 00615nam a2200121Ia 4500 |
| 008 - FIXED-LENGTH DATA ELEMENTS--GENERAL INFORMATION | |
| fixed length control field | 171212s9999 xx 000 0 und d |
| 100 ## - MAIN ENTRY--PERSONAL NAME | |
| Personal name | Khatchadourian, Lori |
| 245 ## - TITLE STATEMENT | |
| Statement of responsibility, etc | Khatchadourian, Lori |
| Title | Imperial Matter |
| Remainder of title | Ancient Persia and the Archaeology of Empires |
| 260 ## - PUBLICATION, DISTRIBUTION, ETC. (IMPRINT) | |
| Name of publisher, distributor, etc | University of California Press |
| Date of publication, distribution, etc | 2016 |
| 650 ## - SUBJECT ADDED ENTRY--TOPICAL TERM | |
| Topical term or geographic name as entry element | Archaeology |
| 650 ## - SUBJECT ADDED ENTRY--TOPICAL TERM | |
| Topical term or geographic name as entry element | Imperialism -- Social aspects; Sovereignty; Archaeology and history -- Iran; Archaeology and history -- Caucasus, South; Architecture and state; Architecture and society; Commercial products -- Social aspects |
| 856 ## - ELECTRONIC LOCATION AND ACCESS | |
| Uniform Resource Identifier | <a href="http://jstor.org/stable/10.1525/j.ctt1ffjn7j">http://jstor.org/stable/10.1525/j.ctt1ffjn7j</a> |
| Withdrawn status | Lost status | Damaged status | Home library | Current library | Date acquired | Total Checkouts | Full call number | Date last seen | Price effective from | Koha item type |
|---|---|---|---|---|---|---|---|---|---|---|
| College Library | College Library | 12/12/2017 | JC359 .K475 2016 | 12/12/2017 | 12/12/2017 | Curriculum - Based eBooks |